| 000 | 00000nam##2200000za#4500 |
| 001 | 9.559164 |
| 003 | CaOODSP |
| 005 | 20210624172738 |
| 007 | cr ||||||||||| |
| 008 | 150406|2004||||xxc|||||o f|0| 0 eng|d |
| 020 | |a0-662-38435-0 |
| 040 | |aCaOODSP|beng |
| 043 | |an-cn--- |
| 086 | 1 |aTU3-5/2-2004E-PDF |
| 110 | 2 |aTransportation Safety Board of Canada. |
| 245 | 10|aCargo Bay Fire - Air Canada Boeing 767–300 C–GHML, Toronto/Lester B. Pearson International Airport, Ontario, 13 May 2002 |h[electronic resource] |
| 260 | |aOttawa - Ontario : |bTransportation Safety Board of Canada |cc2004. |
| 300 | |a50p.|bglossary, illus., tables, photographs |
| 490 | 1 |aAviation investigation report |vA02O0123 |
| 500 | |aThe catalogue number (TU3-5/2-2004E) and ISBN (0-662-38434-2) for the print edition have been incorrectly copied in this PDF edition. |
| 590 | |a10-05-Supp|b2010-07-20 |
| 690 | 07|aAircraft accidents|2gcpds |
| 775 | 08|tIncendie dans la soute du Boeing 767-300 C-GHML exploité par Air Canada à l'aéroport international de Toronto/Lester B. Pearson (Ontario), le 13 mai 2002 |w(CaOODSP)9.591961 |
| 830 | #0|aAviation investigation report ;|vA02O0123|w(CaOODSP)9.504825 |
| 856 | 40|ahttp://publications.gc.ca|qPDF|s298 KB|uhttps://publications.gc.ca/collections/collection_2009/bst-tsb/TU3-5-2-2004E.pdf|yA02O0123 |